Normal view MARC view

Entry Geographic Name

Number of records used in: 1

001 - CONTROL NUMBER

  • control field: 1235888

003 - CONTROL NUMBER IDENTIFIER

  • control field: OSt

005 - DATE AND TIME OF LATEST TRANSACTION

  • control field: 20260428124219.0

008 - FIXED-LENGTH DATA ELEMENTS

  • fixed length control field: 260428|| aca||aabn | a|a d

040 ## - CATALOGING SOURCE

  • Original cataloging agency: OSt
  • Transcribing agency: OSt

151 ## - HEADING--GEOGRAPHIC NAME

  • Geographic name: India
  • General subdivision: Description and travel

670 ## - SOURCE DATA FOUND

  • Source citation: Work cat.: (OSt)1848598: Tavernier, Jean-Baptiste, 1235887, Travels in India /, 2000
Copyright @ Delhi University Library System